Demonetisation : (Record no. 168969)
[ view plain ]
| 000 -LEADER | |
|---|---|
| fixed length control field | 00601nam a2200193 4500 |
| 005 - DATE AND TIME OF LATEST TRANSACTION | |
| control field | 20191101123219.0 |
| 010 ## - LCCN (DPL NO) | |
| LC control number | ENG-126779 |
| 020 ## - INTERNATIONAL STANDARD BOOK NUMBER | |
| International Standard Book Number | 9789386453594 |
| Terms of availability | 475.00 |
| 035 ## - SYSTEM CONTROL NUMBER | |
| System control number | EN-110311 |
| 037 ## - SOURCE OF ACQUISITION | |
| Source of stock number/acquisition | DBAD/PUB |
| 082 ## - DEWEY DECIMAL CLASSIFICATION NUMBER | |
| Classification number | 332.46 |
| 100 ## - MAIN ENTRY--PERSONAL NAME | |
| Personal name | Sarkar, Shivaji |
| 245 ## - TITLE STATEMENT | |
| Title | Demonetisation : |
| Statement of responsibility, etc | by Rangrao Bhongle |
| Remainder of title | a historical review / |
| 260 ## - PUBLICATION, DISTRIBUTION, ETC. (IMPRINT) | |
| Place of publication, distribution, etc | New Delhi |
| Name of publisher, distributor, etc | New Delhi Publishers |
| Date of publication, distribution, etc | 2018 |
| 270 ## - ADDRESS | |
| Address | 90, Sainik Vihar, Mohan Garden |
| City | New Delhi |
| Postal code | 110059 |
| 300 ## - PHYSICAL DESCRIPTION | |
| Extent | xiii;141p. |
| Dimensions | 22cm(Hb) |
| 500 ## - GENERAL NOTE | |
| General note | Includes bibliographical references |
| 942 ## - ADDED ENTRY ELEMENTS (KOHA) | |
| Source of classification or shelving scheme | Dewey Decimal Classification |
| Item type | English Books |
| Classification part | 332.46 |
| Call number suffix | SAR |
| Withdrawn status | Lost status | Not for loan | Collection code | Home library | Current library | Date acquired | Source of acquisition | Cost, normal purchase price | Full call number | Barcode | Copy number | Cost, replacement price | Koha item type |
|---|---|---|---|---|---|---|---|---|---|---|---|---|---|
| Non-fiction | Central Library | Central Library | 01/11/2019 | DBAD/PUB | 475.00 | 332.46 SAR | EN-110311 | 1 | 475.00 | English Books |
